000 00684nam a2200181 a 4500
001 000037990
005 20250221073755.0
008 130311s2004 dr a 000 0 spa d
040 _aDO-SdBNP
_bspa
_cBNPHU
100 1 _aDespradel, Carlos
_d1942-
_99280
245 1 0 _aCompendio de estadísticas socio demográficas 2002 /
_cCarlos Despradel, Pedro L. Féliz Jiménez, Adriano Brand Lora.
260 _aSanto Domingo :
_b(ONE),
_c[20--].
300 _a79 p. :
_bil. ;
_c26 cm.
700 1 _aDespradel, Carlos
_d1942-
_99280
700 1 _aFéliz Jiménez, Pedro L.
_964398
700 1 _aBrand Lora, Adriano
_964399
710 1 _aRepública Dominicana.
_bOficina Nacional de Estadística
_95775
999 _c37480
_d37480